[Event "Muensterland Verbandsklasse-A 0405"]
[Site "Muensterland"]
[Date "2005.01.22"]
[Round "5.5"]
[White "Hisker, Frank"]
[Black "Kampshoff, Ludger"]
[Result "0-1"]
[WhiteElo "1720"]
[BlackElo "1838"]
[PlyCount "72"]
[EventDate "2004.09.11"]
[EventType "team-tourn"]
[EventRounds "9"]
[EventCountry "GER"]
[SourceTitle "EXT 2006"]
[Source "ChessBase"]
[SourceDate "2005.11.24"]
[SourceVersion "1"]
[SourceVersionDate "2005.11.24"]
[SourceQuality "1"]
[WhiteTeam "Gesch II"]
[BlackTeam "Heiden II"]
[WhiteTeamCountry "GER"]
[BlackTeamCountry "GER"]

1. e4 Nf6 2. Nc3 d6 3. d4 g6 4. Be3 Bg7 5. f3 Nc6 6. Qd2 e5 7. d5 Ne7 8. 0-0-0 Nh5 9. g4 Nf4 10. Bxf4 exf4 11. Nge2 g5 12. Nd4 a6 13. h4 h6 14. hxg5 hxg5 15. Rxh8+ Bxh8 16. Qh2 Ng6 17. Qh7 Qf6 18. Rd2 Bd7 19. Qh2 0-0-0 20. Qf2 Bg7 21. Nc6 Bxc6 22. dxc6 bxc6 23. Bxa6+ Kd7 24. Qe2 Rb8 25. e5 Qxe5 26. Qxe5 Bxe5 27. Bc4 Bxc3 28. bxc3 Rh8 29. Kb2 Rh3 30. a4 Rxf3 31. a5 Rh3 32. a6 Rh8 33. Rd1 Ra8 34. Ra1 Kc8 35. Kc1 Kb8 36. Kd2 Ka7 0-1